|
|
|
|
| LEADER |
00000nab a2200000 a 4500 |
| 001 |
vtls000387511 |
| 003 |
SK-MaSNL |
| 005 |
20260304020642.0 |
| 008 |
111202c1989 xo 0 slo |
| 015 |
|
|
|a SNBRA19rr/mm-uuuuu
|
| 035 |
|
|
|a CL0387634
|
| 040 |
|
|
|a SNKBUCL
|b slo
|c SNKBUCL
|e AACR2
|
| 041 |
0 |
|
|a slo
|
| 044 |
|
|
|a xo
|c SK
|
| 080 |
|
|
|a 630 2
|2 1981
|
| 100 |
1 |
|
|a Graus, Ján,
|d 1935-
|4 aut
|9 7237
|
| 245 |
1 |
0 |
|a Diferencované obhospodarovanie lesov z pohľadu preberania fázových výrobkov (FV) pestovnej činnosti
|c Ján Graus
|
| 650 |
0 |
7 |
|a lesy
|2 snkbucl
|9 1437
|
| 650 |
0 |
7 |
|a porasty lesné
|2 snkbucl
|9 841454
|
| 655 |
|
7 |
|a články zo zborníkov
|2 snkbucl
|9 166140
|
| 773 |
0 |
|
|t Diferencované obhospodarovanie lesov a zdokonalený systém riadenia pestovnej činnosti
|d Žilina : Dom techniky ČSVTS, 1989
|
| 850 |
|
|
|a Slovenská národná knižnica v Martine
|a MTA001
|
| 852 |
|
|
|a SNK
|b KIS3GCP
|
| 958 |
|
|
|a RK
|
| 992 |
|
|
|a RZB
|
| 999 |
|
|
|c 2600213
|d 2602143
|